Daňové znalosti - inšpirácie a inovácie
Rôzne daňové zvyky z rôznych krajín, odlišné daňové systémy a rozličný postoj k daňovým prioritám. Viaceré daňové zaujímavosti zo zahraničia a i z domova. Najkurióznejšie dane zo sveta. Daňové raje vo svete.
Salvato in:
| Autore principale: | |
|---|---|
| Natura: | Capitolo di libro |
| Lingua: | slovacco |
| Soggetti: | |
| Tags: |
Nessun Tag, puoi essere il primo ad aggiungerne!!
|
MARC
| LEADER | 00000naa a2200000 4500 | ||
|---|---|---|---|
| 001 | 0261821 | ||
| 005 | 20200128130804.9 | ||
| 041 | 0 | |a slo | |
| 044 | |a SK | ||
| 245 | 1 | 0 | |a Daňové znalosti - inšpirácie a inovácie |c Emil Burák |
| 520 | |a Rôzne daňové zvyky z rôznych krajín, odlišné daňové systémy a rozličný postoj k daňovým prioritám. Viaceré daňové zaujímavosti zo zahraničia a i z domova. Najkurióznejšie dane zo sveta. Daňové raje vo svete. | ||
| 610 | 2 | 0 | |a dane |
| 610 | 2 | 0 | |a daňovníci |
| 610 | 2 | 0 | |a raje daňové |
| 610 | 2 | 0 | |a systémy daňové |
| 100 | 1 | |a Burák, Emil | |